Física para ciencias e ingeniería
Uloženo v:
| Hlavní autoři: | , |
|---|---|
| Médium: | Kniha |
| Jazyk: | španělština |
| Vydáno: |
Ciudad de México
Cengage Learning
2015
|
| Vydání: | 9a. ed |
| Témata: | |
| Tagy: |
Přidat tag
Žádné tagy, Buďte první, kdo vytvoří štítek k tomuto záznamu!
|
MARC
| LEADER | 00000cam a2200000 a 4500 | ||
|---|---|---|---|
| 001 | UCD0535 | ||
| 003 | CL-VaPUC | ||
| 005 | 20240718152547.0 | ||
| 008 | 151204e20150000mx |||||||||||||||||spa|d | ||
| 999 | |c 362036 |d 362034 | ||
| 020 | |a 9786075191980v.1 | ||
| 020 | |a 9786075191997v.2 | ||
| 040 | |c Pontificia Universidad Católica de Valparaíso | ||
| 082 | 0 | 4 | |a 530 |b SER |2 21 |
| 100 | 0 | |a Serway, Raymond A |e author |9 254 | |
| 245 | 1 | 0 | |a Física para ciencias e ingeniería |
| 250 | |a 9a. ed | ||
| 260 | |a Ciudad de México |b Cengage Learning |c 2015 | ||
| 300 | |a v | ||
| 583 | |a last modification |c 20161125 01:23:07 |k Rodrigo Vera | ||
| 650 | 0 | |a Mecánica |9 260096 |v Problemas, ejercicios, etc. | |
| 650 | 0 | |a Oscilaciones |9 344730 |x Ondas mecánicas | |
| 650 | 0 | |a Termodinámica |9 259320 |v Problemas, ejercicios, etc. | |
| 700 | 0 | |a Jewett, John W |e author |9 583517 | |
| 942 | |c BK |2 ddc | ||
| 945 | |d 20151204 12:43:00 |a dcastane | ||
| 952 | |0 0 |1 0 |2 ddc |3 erb |4 0 |6 530_000000000000000_SER_2015 |7 0 |8 A |9 472888 |a BIBING |b BIBING |c RES |h v.1 |i 5255066 |l 8 |m 1 |o 530 SER 2015 |p 5255066 |r 2025-04-07 |s 2025-03-27 |w 2019-11-24 |y BK |z Catalogado en:20151204 |k CCL | ||
| 952 | |0 0 |1 0 |2 ddc |3 erb |4 0 |6 530_000000000000000_SER_2015 |7 0 |8 A |9 472889 |a BIBING |b BIBING |c RES |h v.1 |i 5343984 |l 15 |m 3 |o 530 SER 2015 |p 5343984 |r 2025-03-28 |s 2025-03-28 |w 2019-11-24 |y BK |z Catalogado en:20161007 |k EIB | ||
| 952 | |0 0 |1 0 |2 ddc |3 erb |4 0 |6 530_000000000000000_SER_2015 |7 0 |8 A |9 472890 |a BIBING |b BIBING |c RES |h v.1 |i 5352932 |l 7 |m 2 |o 530 SER 2015 |p 5352932 |r 2025-04-07 |s 2025-03-28 |w 2019-11-24 |y BK |z Catalogado en:20161201 |k EIB | ||
| 952 | |0 0 |1 0 |2 ddc |3 erb |4 0 |6 530_000000000000000_SER_2015 |7 0 |8 A |9 472891 |a BIBING |b BIBING |c RES |h v.1 |i 5352940 |l 7 |o 530 SER 2015 |p 5352940 |r 2025-04-10 |s 2025-03-28 |w 2019-11-24 |y BK |z Catalogado en:20161201 |k EIB | ||
| 952 | |0 0 |1 0 |2 ddc |3 erb |4 0 |6 530_000000000000000_SER_2015 |7 0 |8 A |9 472892 |a BIBING |b BIBING |c RES |h v.2 |i 5352959 |l 2 |o 530 SER 2015 |p 5352959 |r 2025-01-20 |s 2022-11-08 |w 2019-11-24 |y BK |z Catalogado en:20161201 |k EIB | ||
| 952 | |0 0 |1 0 |2 ddc |3 erb |4 0 |6 530_000000000000000_SER_2015 |7 0 |8 A |9 472893 |a BIBING |b BIBING |c RES |h v.2 |i 5352967 |l 5 |o 530 SER 2015 |p 5352967 |r 2025-01-20 |s 2022-12-01 |w 2019-11-24 |y BK |z Catalogado en:20161201 |k EIB | ||